[Event "Nittenau-ch 01st"]
[Site "Nittenau"]
[Date "2001.09.16"]
[Round "5"]
[White "Preischl, Manfred"]
[Black "Apelt, Ines"]
[Result "1-0"]
[WhiteElo "1532"]
[BlackElo "1417"]
[PlyCount "57"]
[EventDate "2001.09.14"]
[EventType "swiss"]
[EventRounds "5"]
[EventCountry "GER"]
[SourceTitle "EXT 2022"]
[Source "ChessBase"]
[SourceDate "2021.10.06"]
[SourceVersion "1"]
[SourceVersionDate "2021.10.06"]
[SourceQuality "1"]

1. c4 Nf6 2. g3 e6 3. Bg2 g6 4. Nc3 Bg7 5. Nf3 d6 6. 0-0 c5 7. d4 Nbd7 8. Bf4 cxd4 9. Nxd4 e5 10. Ndb5 exf4 11. Nxd6+ Kf8 12. Nxb7 Bxb7 13. Bxb7 Rb8 14. Qd6+ Kg8 15. Bc6 Ne5 16. Qxe5 fxg3 17. fxg3 Qb6+ 18. c5 Qxc6 19. Qxb8+ Bf8 20. b4 Kg7 21. Qxa7 Nd7 22. Rad1 Nxc5 23. Qxf7+ Kh6 24. Qf4+ Kg7 25. Qe5+ Kg8 26. Rxf8+ Kxf8 27. Qxh8+ Kf7 28. Qxh7+ Kf6 29. Rf1+ 1-0

[Event "Nittenau-ch 01st"]
[Site "Nittenau"]
[Date "2001.09.15"]
[Round "4"]
[White "Apelt, Ines"]
[Black "Pongratz, Philip"]
[Result "1/2-1/2"]
[WhiteElo "1417"]
[BlackElo "1355"]
[PlyCount "99"]
[EventDate "2001.09.14"]
[EventType "swiss"]
[EventRounds "5"]
[EventCountry "GER"]
[SourceTitle "EXT 2022"]
[Source "ChessBase"]
[SourceDate "2021.10.06"]
[SourceVersion "1"]
[SourceVersionDate "2021.10.06"]
[SourceQuality "1"]

1. e4 c5 2. Nf3 d6 3. d4 cxd4 4. Nxd4 Nf6 5. Nc3 g6 6. Be3 Bg7 7. Bc4 0-0 8. f3 Nc6 9. Qd2 a6 10. a4 Qc7 11. 0-0 Nxd4 12. Qxd4 Nd7 13. e5 Nxe5 14. Bxf7+ Rxf7 15. Qd1 Nc4 16. Qc1 Nxe3 17. Qxe3 Bxc3 18. bxc3 Qc5 19. Qxc5 dxc5 20. Rfe1 Bf5 21. Re2 Rd8 22. Rb1 Rb8 23. Rb2 Bd7 24. a5 Bb5 25. Re5 Rc8 26. c4 Bxc4 27. Rxb7 Kf8 28. Kf2 e6 29. Rb6 Rf5 30. Re3 Rd5 31. Rc3 Rd4 32. Rb7 h5 33. h3 Rcd8 34. Rc7 R8d5 35. Rc6 Re5 36. Rc8+ Ke7 37. Rc7+ Kf6 38. Rc8 h4 39. Rf8+ Kg5 40. f4+ Rxf4+ 41. Rxf4 Kxf4 42. Rxc4+ Kf5 43. Rxh4 Rd5 44. Rc4 Ke5 45. Ke3 Kd6 46. Re4 Re5 47. Rxe5 Kxe5 48. c4 Kf5 49. g3 Ke5 50. h4 1/2-1/2